Anticancer activity of Tabernaemontana catharinensis extract obtained by supercritical fluid extraction (Registro n. 298654)
[ somente texto ]
| 000 -LÍDER | |
|---|---|
| fixed length control field | 03330nab a2200289 i 4500 |
| 003 - CÓDIGO MARC DA AGÊNCIA CATALOGADORA | |
| Campo de controle | BR-BrBNA |
| 005 - DATA E HORA DA ÚLTIMA ATUALIZAÇÃO | |
| Campo de controle | 20240301112144.0 |
| 008 - CAMPO DE TAMANHO FIXO | |
| fixed length control field | 240301b2006 bl.qr|p|oa||| 00| 0 eng | |
| 040 ## - FONTE DA CATALOGAÇÃO | |
| Agência catalogadora | BR-BrBNA |
| Idioma da catalogação | eng |
| 072 ## - CATEGORIA AGRIS | |
| Código AGRIS | F60 |
| 072 ## - CATEGORIA AGRIS | |
| Código AGRIS | S30 |
| 072 ## - CATEGORIA AGRIS | |
| Código AGRIS | S20 |
| 100 ## - ENTRADA PRINCIPAL - NOME PESSOAL | |
| Nome pessoal | Pereira, C.G. |
| 100 ## - ENTRADA PRINCIPAL - NOME PESSOAL | |
| Nome pessoal | Carvalho, J.E. |
| 100 ## - ENTRADA PRINCIPAL - NOME PESSOAL | |
| Nome pessoal | Meireles, M.A.A. |
| 245 ## - TÍTULO PRINCIPAL | |
| Título principal | Anticancer activity of Tabernaemontana catharinensis extract obtained by supercritical fluid extraction |
| 500 ## - NOTA GERAL | |
| Nota geral | Publicação on-line; 17 ref.; 1 table; 3 illus.; Summaries (En, Pt) |
| 942 ## - ADDED ENTRY ELEMENTS (KOHA) | |
| Koha item type | |
| 520 ## - NOTA DE RESUMO | |
| Nota de conteúdo | <br/><br/>RESUMO: <br/><br/>Atividade anticancerígena de extrato de Tabernaemontana catharinensis obtido por extração<br/>supercrítica. No presente trabalho a atividade anticancer do extrato bruto de T. catharinensis foi avaliada. O<br/>extrato bruto foi obtido utilizando C02 supercrítico na pressão de 300 bar e temperatura de 55 °C; etanol foi<br/>usado como co-solvente (4.6% massa). A atividade anticancer foi testada contra sete linhagens de tumores<br/>humanas: pulmão, mama, mama expressando o fenótipo resistente a múltiplas drogas, melanoma, cólon,<br/>próstata e rim. O extrato bruto foi fracionado e a fração alcaloídica foi analisada por cromatografia em<br/>camada delgada (CCD) e cromatografia a gás com detector por ionização em chama (CG-DIC). A CG-DIC da<br/>fração alcaloídica indicou a presença dos alcalóides indólicos voacangina e coronaridina. O extrato bruto de<br/>T.catharinensis apresentou atividade anticâncer a partir de 0.25 pg/mL com efeito citostático e citolítico,<br/>dependente da concentração e sem seletividade entre as linhagens celulares utilizadas.<br/><br/>Palavras-chave: Tabernaemontana catharinensis, alcalóides indólicos, extração supercrítica, atividade anticancer |
| 520 ## - NOTA DE RESUMO | |
| Nota de conteúdo | <br/><br/>ABSTRACT: <br/><br/>In the present work the anticancer activity of crude supercritical fluid extract from T. catharinensis<br/>was evaluated. The crude extract was obtained using supercritical CO2 at pressure of 300 bar and temperature<br/>of 55 °C; ethanol was used as cosolvent (4.6% mass). The anticancer activity was tested against seven<br/>human cancer cell lines: lung, breast, breast expressing the multidrug resistance phenotype, melanoma,<br/>colon, prostate, and kidney. The crude extract was fractionated and the alkaloidal fraction was analyzed by<br/>thin-layer chromatography (TLC), and gas-chromatography/flame ionization detector (GC-FID). The GC-FID<br/>of the alkaloidal fraction indicated the presence of the indole alkaloids voacangine and coronaridine. The<br/>crude extract of T.catharinensis has anticancer activity that begins at 0.25 pg/mL and exhibits cytostatic and<br/>cytolytic effects concentration dependent and not selective for the cell lines used.<br/><br/>Key words: Tabernaemontana catharinensis, indole alkaloids, supercritical fluid extraction, anticancer activity |
| 650 ## - ASSUNTO - THESAGRO | |
| Cabeçalho tópico ou nome geográfico | ALCALÓIDE |
| 650 ## - ASSUNTO - THESAGRO | |
| Cabeçalho tópico ou nome geográfico | EXTRAÇÃO SUPERCRÍTICA |
| 650 ## - ASSUNTO - THESAGRO | |
| Cabeçalho tópico ou nome geográfico | CÂNCER |
| 773 0# - ENTRADA ANALÍTICA | |
| Host Biblionumber | 3543 |
| Registro do item | 313785 |
| Imprenta | Botucatu-SP Instituto de Biociências - Departamento de Química e Bioquímica 1998 |
| Outro identificador | 2024-0053 |
| Título | Revista Brasileira de Plantas Medicinais (Brazil) |
| ISSN | 1516-0572 |
| Colação | v. 8(4) p. 144-149; (2006) |
| Número de controle de registro | BR2024000093 |
| 856 ## - ACESSO E ENDEREÇO ELETRÔNICO | |
| Identificador uniforme de recurso - URI | http://www.sbpmed.org.br/admin/files/papers/file_yHTWVWR1uWes.pdf |
Nenhum exemplar disponível.

BINAGRI